000 01056nam2a22002411 4500
001 v19\rc\1236330
005 20250620054726.0
035 _a(NLR Aleph) 005197024
090 _a5270927
_c5270927
100 _a20060306d1880 |||y0rusy50 ca
101 0 _arus
102 _aRU
105 _ay z |||||
200 0 _a... за 1879 год
210 _a[Санкт-Петербург
_d1878-1884]
300 _aВып. за 1879 год не печатался. См. Отношение Временного Управл. казен. жел. дор. от 10 ноября 188? г. за № 22769
461 0 _1001v19\rc\1236326
_12001#$aОтчет по эксплоатации...$v... за 1879 год
_95270889
_aЛивенская железная дорога
_c[Санкт-Петербург
_d1878-1884]
_tОтчет по эксплоатации...
_v... за 1879 год
801 0 _aRU
_bNLR
_c20060306
_gpsbo
801 1 _aRU
_bProSoft-M
_c20060306
_2rusmarc
801 2 _aRU
_bNLR
_c20110816
_2rusmarc
852 _aNLR
_jDesideratum
942 _cBOOK
980 _aNB